| 000 | 00367nam a2200121Ia 4500 | ||
|---|---|---|---|
| 008 | 210430s9999 xx 000 0 und d | ||
| 082 | _a981.43915 M236G | ||
| 100 |
_aDr. Malik Nadeem Shafiq _913814 |
||
| 245 |
_aGlobal Imprints & Appreciation of Allama Iqbal _cDr. Malik Nadeem Shafiq |
||
| 260 |
_aLahore _bFiction House _c2015 |
||
| 300 | _a223p. | ||
| 942 |
_cBK _2ddc |
||
| 999 |
_c565513 _d565513 |
||